Načítá se...

Descent of Socrates : self knowledge and cryptic nature in the platonic dialogues

Podrobná bibliografie
Hlavní autor: Peter Warnek
Médium: Printed Book
Vydáno: Bloomington Indiana Univeristy Press 2005
Témata:
LEADER 00707nam a22002051a 4500
020 |a 0253218160  |c 0.00 
040 |a SSUS - Library - Kalady 
082 |a 184  |b PET/D 
100 |a Peter Warnek 
245 |a Descent of Socrates : self knowledge and cryptic nature in the platonic dialogues  |h [Text] 
260 |a Bloomington  |b Indiana Univeristy Press  |c 2005 
300 |a 234p. 
600 |a Philosophy Greek 
600 |a Philosophy Socrates 
600 |a Philosophy 
600 |a Platonism 
852 |h 184  |i PET/D  |p 069242  |9 1647.81  |t 0 
942 |c BK 
999 |c 10229  |d 10229 
952 |0 0  |1 0  |4 0  |6 184_000000000000000_PET_D  |7 0  |9 14908  |a SSUS  |b SSUS  |d 2015-01-08  |g 1647.81  |o 184 PET/D  |p 069242  |r 2016-09-06  |v 0.00  |w 2015-01-08  |y BK